000 00832nam a22001577a 4500
003 OSt
005 20151006111803.0
008 151006b xxu||||| |||| 00| 0 eng d
040 _cRUA
082 _aAVM THI 2003 B074 Or.1
100 _92140
_aTHIM, SOKHA.
245 _astudy on growth rate of chicken hubbard by supplementation of fresh amaranth basic diet at research station of rua (ការសិក្សាលើការលូតលាស់របស់មាន់សាច់ពូជ hubbard ដោយបន្ថែមផ្ទីស្រស់លើចំណីផ្សំ នៅស្ថានីយ៍ចិញ្ចឹមសត្វនៃសាកលវិទ្យាល័យភូមិន្ទកសិកម្ម)
260 _aPhnom Penh
_bRUA
_c2003
300 _aix, 39p.
_bill.
_c29cm.
942 _2ddc
_cAVM
999 _c2011
_d2011